000 00394nam a2200169Ia 4500
008 210210b1955 xxu||||| |||| 00| 0 eng d
041 _aeng
082 _a536/123
100 _aSLATER (John C)
245 _aModern physics
260 _aNew York
_bMcGraw Hill Book Company
_c1955
300 _a322
650 _aphysics
650 _aModern
690 _aModern Physics
906 _a008921
999 _c126777
_d126777